00429nam a2200145 i 450000100060000000300090000600500170001500700030003200800410003510000230007624500900009926000470018930000260023685200210026251982ES-MaACL20230906162502.0t|030822s1911 it ||||1| ita d1 aChilesotti, Oscar.12aL'evoluzione nella musica b: appunti sulla teoria di H. Spencer /cOscar Chilesotti. aTorino : b[s.n.], c1911 (fVicenzo Bona) aVI, 168 p. ; c20 cm. aES-MaACLjF-6089